00731nam a2200217Ia 450000500170000000800410001702000180005804100080007608200170008410000250010124500160012625000110014226000360015330000090018950000240019865000230022270000630024594200070030899900170031595201810033220230502171029.0230125s9999 xx 000 0 und d a9789381636992 aeng a891.463bPIS aPistorious O9116681 aDreamrunner aEd.1st c2014bManovikas prakashanaPune a174p aMarathi Literature  aMarathi Literature aPistorious O; Merlo G, Co-Author & Navangul S, Tr.9116682 cBK c94362d94362 00104070aHIMRbHIMRd2016-12-16eDonated Book- Outside Donarg170.00l1m1o891.463 PIS DB2723pHIMR-DB-2723r2023-05-10 00:00:00s2023-04-28v170.00w2023-01-25yDBzDB2723